Kluby piłkarskie występujące w tej edycji ligi mistrzów - Nagła śmierć - Statystyki

Ogólne statystyki
  • Ten quiz został rozwiązany 103 razy
  • Średni wynik to 18 z 36
Answers on the Grid
Answers color-coded by a green-red scale on the quiz's grid according to % correct below.
AC Milan
AEK Ateny
Ajax
Arsenal
AS Monaco
AS Roma
Aston Villa
Atalanta
Athletic Club
Atletico Madryt
Bayer Leverkusen
Bayern
Benfica
Bodo Glimt
Bologna
Borussia Dortmund
Brest
Chelsea
Club Brugge
Como
Eintracht Frankfurt
FC Barcelona
FC Kopenhaga
FC Porto
Fenerbahce
Feyenoord
Galatasaray
Girona
Inter
Juventus
Kajrat
Lazio
Lens
Liverpool
LOSC Lille
Manchester City
Manchester United
Napoli
Newcastle
Olympiakos
Olympique Lyon
Olympique Marsylia
Pafos
PSG
PSV
Qarabag
RB Lipsk
RB Salzburg
Real Betis
Real Madryt
Real Sociedad
Rennes
Sevilla
Slavia Praga
Slovan Bratysława
Sporting
Sturm Graz
Stuttgart
Tottenham
Union Saint Gilloise
Villarreal
 
Statystyki odpowiedzi
Odpowiedź % Poprawnych
Arsenal
81%
AS Monaco
77%
Atletico Madryt
73%
Atalanta
71%
FC Barcelona
69%
Bayern
67%
Borussia Dortmund
65%
Benfica
63%
Bodo Glimt
63%
Chelsea
63%
Manchester City
58%
Inter
56%
Club Brugge
54%
Liverpool
54%
Bayer Leverkusen
52%
PSG
52%
Real Madryt
52%
Galatasaray
50%
Napoli
50%
Newcastle
48%
Juventus
46%
Kajrat
46%
FC Kopenhaga
44%
Qarabag
44%
Ajax
42%
Athletic Club
42%
Tottenham
42%
Olympique Marsylia
35%
Pafos
35%
Sporting
33%
Eintracht Frankfurt
31%
Villarreal
31%
Olympiakos
29%
PSV
27%
Slavia Praga
25%
Union Saint Gilloise
19%
Nie znaleziono quizów pasujących do podanych kryteriów
Rozkład punktacji
Procent ludzi z każdym wynikiem
Percentyl według liczby udzielonych odpowiedzi
Twoja historia wyników
Nie rozwiązałeś tego quizu